Inequality : (Record no. 10174)
[ view plain ]
| 000 -LEADER | |
|---|---|
| fixed length control field | 00784cam a22002292 4500 |
| 001 - CONTROL NUMBER | |
| control field | 0000024088 |
| 005 - DATE AND TIME OF LATEST TRANSACTION | |
| control field | 20151217152257.0 |
| 008 - FIXED-LENGTH DATA ELEMENTS--GENERAL INFORMATION | |
| fixed length control field | 130510s xx 000 0 eng d |
| 020 ## - INTERNATIONAL STANDARD BOOK NUMBER | |
| International Standard Book Number | 0762311401 : |
| 040 ## - CATALOGING SOURCE | |
| Original cataloging agency | KABU |
| Transcribing agency | KABU |
| 245 10 - TITLE STATEMENT | |
| Title | Inequality : |
| Remainder of title | structures, dynamics and mechanisms; essays in honour of Aage B. Sorensen / |
| Statement of responsibility, etc. | edited by Arnel L. Kalleberg ... [et al.]. |
| 250 ## - EDITION STATEMENT | |
| Edition statement | 1st ed. |
| 260 ## - PUBLICATION, DISTRIBUTION, ETC. (IMPRINT) | |
| Place of publication, distribution, etc. | London : |
| Name of publisher, distributor, etc. | Elsevier, |
| Date of publication, distribution, etc. | 2004. |
| 300 ## - PHYSICAL DESCRIPTION | |
| Extent | 304 p. |
| 650 #0 - SUBJECT ADDED ENTRY--TOPICAL TERM | |
| Topical term or geographic name as entry element | Social stratification. |
| -- | 0000160847 |
| 650 #0 - SUBJECT ADDED ENTRY--TOPICAL TERM | |
| Topical term or geographic name as entry element | Social classes. |
| -- | 0000184053 |
| 700 1# - ADDED ENTRY--PERSONAL NAME | |
| Personal name | Kalleberg, Arnel L. |
| -- | 0000184054 |
| 852 1# - LOCATION | |
| -- | p4940 KES |
| 852 1# - LOCATION | |
| -- | p4940 KES |
| 908 ## - PUT COMMAND PARAMETER (RLIN) | |
| Put command parameter | 130510 |
| 950 ## - LOCAL HOLDINGS (RLIN) | |
| -- | 1 |
| Withdrawn status | Lost status | Source of classification or shelving scheme | Not for loan | Home library | Current library | Date acquired | Total Checkouts | Total Renewals | Full call number | Barcode | Date last seen | Date last checked out | Price effective from | Koha item type |
|---|---|---|---|---|---|---|---|---|---|---|---|---|---|---|
| Library of Congress Classification | Kabarak, Main Campus | Kabarak, Main Campus | 17/12/2015 | 1 | 1 | HM821 .I54 2004 c. 1 | 015216 | 30/09/2024 | 24/09/2024 | 17/12/2015 | General Collection | |||
| Library of Congress Classification | Kabarak, Main Campus | Kabarak, Main Campus | 17/12/2015 | HM821 .I54 2004 c. 2 | 015245 | 17/12/2015 | 17/12/2015 | General Collection |